Lê Quý Đôn: Cuộc đời và giai thoại

সংরক্ষণ করুন:
গ্রন্থ-পঞ্জীর বিবরন
প্রধান লেখক: Trần Duy Phương
বিন্যাস: গ্রন্থ
ভাষা:Undetermined
প্রকাশিত: Hà Nội VHDT 2000
বিষয়গুলি:
ট্যাগগুলো: ট্যাগ যুক্ত করুন
কোনো ট্যাগ নেই, প্রথমজন হিসাবে ট্যাগ করুন!
Thư viện lưu trữ: Trung tâm Học liệu Trường Đại học Cần Thơ
LEADER 00579nam a2200193Ia 4500
001 CTU_39499
008 210402s9999 xx 000 0 und d
020 |b 30.000đ 
082 |a 809 
082 |b Ph561 
100 |a Trần Duy Phương 
245 0 |a Lê Quý Đôn: Cuộc đời và giai thoại 
245 0 |c Trần Duy Phương 
260 |a Hà Nội 
260 |b VHDT 
260 |c 2000 
650 |a vietnamese literature - 20th century - history and criticism 
904 |i Minh, 001123 
980 |a Trung tâm Học liệu Trường Đại học Cần Thơ